| 000 | 00000nam 2200000za 4500 |
| 001 | 9.802334 |
| 003 | CaOODSP |
| 005 | 20221107134954 |
| 007 | cr ||||||||||| |
| 008 | 150406s2015 onc|||||o f|0| 0 fre d |
| 040 | |aCaOODSP|bfre |
| 043 | |an-cn--- |
| 086 | 1 |aYC19-0/412-14F-PDF |
| 110 | 1 |aCanada. |bParlement. |bSénat. |bComité permanent des transports et des communications. |
| 245 | 13|aLe moment est venu de changer |h[ressource électronique] : |bCBC/Radio-Canada au vingt et unième siècle / |cL'honorable Dennis Dawson, président ; l'honorable Donald Neil Plett, vice-président. |
| 260 | |aOttawa : |bSénat, |cJuillet 2015. |
| 300 | |axiv, 64, xiii p. : |btableaux, graphiques. |
| 490 | 1 |aRapport du Comité sénatorial permanent des Transports et des Communications ; |v[41e législature, 2e session, 14e rapport] |
| 500 | |aPublié aussi en anglais sous le titre : Time for change: the CBC/Radio-Canada in the twenty-first century. |
| 504 | |aComprend des références bibliographiques. |
| 692 | 07|2gccst|aRadiodiffusion |
| 775 | 08|tTime for change |w(CaOODSP)9.802332 |
| 830 | #0|aRapport du Comité sénatorial permanent des transports et des communications ;|v[41e législature, 2e session, 14e rapport]|w(CaOODSP)9.502812 |
| 856 | 40|qPDF|s2.85 Mo|uhttps://publications.gc.ca/collections/collection_2015/sen/yc19-0/YC19-0-412-14-fra.pdf |